Órajáték a szegedi dómnál

Elmentve itt :
Bibliográfiai részletek
Szerzők: Oláh Zoltán
Csury Ferenc
Kulai József
Dokumentumtípus: Cikk
Megjelent: 2008-11-13
Sorozat:Délmagyarország 98 No. 265
Kulcsszavak:Csury Ferenc, Kulai József, Szeged, Kisipar kézműipar óraműves Szeged, Zenélő óra Szeged - Dóm tér
Online Access:http://dmarchiv.bibl.u-szeged.hu/140950
LEADER 00613nab a2200181 i 4500
001 delm140950
005 20200102131631.0
008 200102s2008 hu o 0|| hun d
040 |a SZTE Délmagyarország Archívum  |b hun 
041 |a hun 
100 1 |a Oláh Zoltán 
245 1 0 |a Órajáték a szegedi dómnál  |h [elektronikus dokumentum] /  |c  Oláh Zoltán 
260 |c 2008-11-13 
300 |a 24 
490 0 |a Délmagyarország  |v 98 No. 265 
695 |a Csury Ferenc, Kulai József, Szeged, Kisipar kézműipar óraműves Szeged, Zenélő óra Szeged - Dóm tér 
700 0 1 |a Csury Ferenc  |e aut 
700 0 1 |a Kulai József  |e aut